Visual aids in business : a quide for effective presentations

Bibliographic Details
Main Author: Raines, Claire
Format: Book
Published: California : Crisp Publisationa , 1989
Subjects:

MARC

LEADER 00000cam a2200000 7i4500
001 0000004773
002 000005145
005 20000330.0
020 |a 0931961777 
090 0 0 |a 658.85   |b RAI 
100 1 |a Raines, Claire 
245 1 0 |a Visual aids in business :   |b a quide for effective presentations   |c Claire Raines 
260 |a California :   |b Crisp Publisationa ,   |c 1989 
300 |a 74p. ;   |c 28cm. 
650 0 0 |a Business presentations 
999 |a 035482   |b BUKU   |c PINJAMAN   |e PERPUSTAKAAN KOMUNITI PETALING JAYA